[Event "24. Acropolis 2009"]
[Site "Chalkida GRE"]
[Date "2009.08.18"]
[Round "9.31"]
[White "Klinova, Masha"]
[Black "Parginos, Vassilios"]
[Result "1/2-1/2"]
[WhiteElo "2312"]
[BlackElo "2196"]
[PlyCount "81"]
[EventDate "2009.08.10"]
[EventType "swiss"]
[EventRounds "9"]
[EventCountry "GRE"]
[Source "lmi"]
[SourceDate "2009.08.10"]

1. e4 c5 2. Nf3 Nc6 3. Bb5 e6 4. Bxc6 bxc6 5. O-O Ne7 6. Nc3 Ng6 7. d3 e5 8.
Ne2 Be7 9. Ng3 d6 10. c3 O-O 11. d4 cxd4 12. cxd4 Bg4 13. Be3 Nh4 14. dxe5 Bxf3
15. gxf3 dxe5 16. Qxd8 Nxf3+ 17. Kg2 Nh4+ 18. Kh3 Rfxd8 19. Rac1 Rac8 20. Bxa7
Rd2 21. Rfd1 Rxb2 22. Rd7 Ng6 23. a4 Bb4 24. Be3 Ra2 25. Ra7 Bd2 26. Rb1 Bxe3
27. fxe3 Ra3 28. Nf5 Rd8 29. Rbb7 Rf8 30. Kg4 Ra2 31. Kg3 h5 32. h4 c5 33. Rc7
c4 34. a5 c3 35. Rxc3 Rd8 36. Ne7+ Nxe7 37. Rxe7 Rdd2 38. Rc8+ Kh7 39. Rxe5
Rg2+ 40. Kh3 Rh2+ 41. Kg3 1/2-1/2

[Event "24. Acropolis 2009"]
[Site "Chalkida GRE"]
[Date "2009.08.18"]
[Round "9.33"]
[White "Ikonomopoulou, Maria"]
[Black "Aggelis, Nikolaos"]
[Result "1/2-1/2"]
[WhiteElo "2052"]
[BlackElo "2296"]
[PlyCount "52"]
[EventDate "2009.08.10"]
[EventType "swiss"]
[EventRounds "9"]
[EventCountry "GRE"]
[Source "lmi"]
[SourceDate "2009.08.10"]

1. e4 e5 2. Nf3 Nc6 3. d4 exd4 4. Nxd4 Bc5 5. Be3 Qf6 6. c3 Nge7 7. Bc4 Ne5 8.
Be2 d5 9. O-O O-O 10. Nd2 Bb6 11. a4 N5c6 12. Nxc6 bxc6 13. Bd3 Bxe3 14. fxe3
Qh6 15. Qf3 Rb8 16. b4 Ng6 17. Qg3 Be6 18. Rae1 Rbd8 19. e5 Qh5 20. Bxg6 Qxg6
21. Qf4 a5 22. Qd4 Ra8 23. Ra1 Rfb8 24. Nb3 Qe4 25. Qxe4 dxe4 26. Nxa5 c5
1/2-1/2

[Event "24. Acropolis 2009"]
[Site "Chalkida GRE"]
[Date "2009.08.18"]
[Round "9.34"]
[White "Fakhiridou, Ekaterini"]
[Black "Simeonidis, Ioannis"]
[Result "1/2-1/2"]
[WhiteElo "2277"]
[BlackElo "2266"]
[PlyCount "20"]
[EventDate "2009.08.10"]
[EventType "swiss"]
[EventRounds "9"]
[EventCountry "GRE"]
[Source "lmi"]
[SourceDate "2009.08.10"]

1. e4 c5 2. Nf3 Nc6 3. d4 cxd4 4. Nxd4 Nf6 5. Nc3 e6 6. Nxc6 bxc6 7. e5 Nd5 8.
Nxd5 cxd5 9. Bd3 Qc7 10. Bf4 Be7 1/2-1/2

[Event "24. Acropolis 2009"]
[Site "Chalkida GRE"]
[Date "2009.08.18"]
[Round "9.35"]
[White "Ozturk, Kubra"]
[Black "Gluckman, David"]
[Result "1/2-1/2"]
[WhiteElo "2256"]
[BlackElo "2275"]
[PlyCount "30"]
[EventDate "2009.08.10"]
[EventType "swiss"]
[EventRounds "9"]
[EventCountry "GRE"]
[Source "lmi"]
[SourceDate "2009.08.10"]

1. d4 e6 2. Nf3 f5 3. g3 Nf6 4. Bg2 d5 5. b3 c6 6. O-O Bd6 7. Ba3 Bxa3 8. Nxa3
Qe7 9. Qc1 O-O 10. c4 Nbd7 11. Qb2 Ne4 12. Nc2 Nd6 13. Qc3 Ne4 14. Qb4 Qxb4 15.
Nxb4 dxc4 1/2-1/2

[Event "24. Acropolis 2009"]
[Site "Chalkida GRE"]
[Date "2009.08.18"]
[Round "9.36"]
[White "Kaforos, Dimitrios Alkis"]
[Black "Nikolaidis, Konstantinos"]
[Result "1/2-1/2"]
[WhiteElo "2203"]
[BlackElo "2270"]
[PlyCount "119"]
[EventDate "2009.08.10"]
[EventType "swiss"]
[EventRounds "9"]
[EventCountry "GRE"]
[Source "lmi"]
[SourceDate "2009.08.10"]

1. e4 c6 2. d4 d5 3. Nc3 dxe4 4. Nxe4 Bf5 5. Ng3 Bg6 6. h4 h6 7. Nf3 Nd7 8. h5
Bh7 9. Bd3 Bxd3 10. Qxd3 e6 11. Bf4 Qa5+ 12. Bd2 Bb4 13. c3 Be7 14. c4 Qc7 15.
O-O-O Ngf6 16. Ne4 Rd8 17. g3 Nxe4 18. Qxe4 Nf6 19. Qe2 b5 20. cxb5 cxb5+ 21.
Kb1 O-O 22. g4 Qc6 23. Rde1 Nxg4 24. Rhg1 f5 25. Ne5 Nxe5 26. Qxe5 Bf6 27.
Qxe6+ Qxe6 28. Rxe6 Kh7 29. Bc3 Rf7 30. Rd1 Rd5 31. Re3 Rfd7 32. Kc2 f4 33. Rh3
f3 34. Rxf3 Rxh5 35. a3 Rhd5 36. Rf4 Bg5 37. Rf8 Bf6 38. Kd3 h5 39. Ke4 h4 40.
Ra8 Rh5 41. d5 h3 42. Rc8 h2 43. Rh1 Bxc3 44. Rxc3 Rdxd5 45. Rc2 Rde5+ 46. Kf4
Ref5+ 47. Ke4 Re5+ 48. Kf4 Ref5+ 49. Ke4 Rf6 50. f3 Rfh6 51. Kf4 Rh3 52. Kg4
R6h4+ 53. Kg5 Rh6 54. Kg4 a6 55. Rd2 Kg8 56. Rc2 R6h4+ 57. Kg5 Rh5+ 58. Kg4
R5h4+ 59. Kg5 Rh5+ 60. Kg4 1/2-1/2

[Event "24. Acropolis 2009"]
[Site "Chalkida GRE"]
[Date "2009.08.18"]
[Round "9.37"]
[White "Dounis, Alexandros"]
[Black "Stiri, Alexandra"]
[Result "1-0"]
[WhiteElo "2186"]
[BlackElo "2163"]
[PlyCount "107"]
[EventDate "2009.08.10"]
[EventType "swiss"]
[EventRounds "9"]
[EventCountry "GRE"]
[Source "lmi"]
[SourceDate "2009.08.10"]

1. e4 c5 2. Nf3 d6 3. d4 cxd4 4. Nxd4 Nf6 5. Nc3 a6 6. Be2 e5 7. Nb3 Be7 8. Be3
Be6 9. O-O O-O 10. Qd2 Nbd7 11. a4 Nc5 12. Nxc5 dxc5 13. Qxd8 Rfxd8 14. f3 c4
15. a5 Rac8 16. Kf2 Bc5 17. Ra4 Rd2 18. Bxc5 Rxc5 19. Rd1 Rxd1 20. Nxd1 Ne8 21.
Ne3 Nd6 22. Ke1 Kf8 23. Kd2 Bd7 24. Ra1 Be6 25. Kc3 Rc6 26. Kb4 Ke7 27. c3 b5
28. Rd1 Nc8 29. g3 f6 30. f4 exf4 31. gxf4 Rc7 32. Nd5+ Bxd5 33. Rxd5 Na7 34.
Bg4 g6 35. Bh3 h6 36. Bg4 g5 37. fxg5 hxg5 38. Bf5 Nc6+ 39. Kc5 Ne5+ 40. Kb6
Rc6+ 41. Kb7 Rd6 42. Rxd6 Kxd6 43. Kxa6 Kc6 44. Be6 Kd6 45. Bd5 f5 46. Kb7 Nd7
47. a6 Nc5+ 48. Kb6 Nxa6 49. Kxa6 f4 50. Kxb5 f3 51. Bxc4 Ke5 52. Kc5 Kxe4 53.
b4 f2 54. b5 1-0

[Event "24. Acropolis 2009"]
[Site "Chalkida GRE"]
[Date "2009.08.18"]
[Round "9.38"]
[White "Kourousis, Epaminondas"]
[Black "Lomineishvili, Maia"]
[Result "1/2-1/2"]
[WhiteElo "2237"]
[BlackElo "2427"]
[PlyCount "86"]
[EventDate "2009.08.10"]
[EventType "swiss"]
[EventRounds "9"]
[EventCountry "GRE"]
[Source "lmi"]
[SourceDate "2009.08.10"]

1. d4 Nf6 2. c4 e6 3. Nf3 d5 4. Nc3 Bb4 5. cxd5 exd5 6. Bg5 h6 7. Bxf6 Qxf6 8.
Qb3 c5 9. e3 Nc6 10. Bb5 Bxc3+ 11. Qxc3 c4 12. b3 cxb3 13. Bxc6+ Qxc6 14. Qxc6+
bxc6 15. axb3 f6 16. Kd2 g5 17. h4 Bg4 18. hxg5 Bxf3 19. gxf3 fxg5 20. Ra6 Kd7
21. Rha1 h5 22. Rxa7+ Rxa7 23. Rxa7+ Ke6 24. Rc7 h4 25. Rxc6+ Kf5 26. Ke2 h3
27. Rc1 h2 28. Rh1 g4 29. b4 Rh3 30. f4 Ke4 31. f5 g3 32. f3+ Kxf5 33. Kf1 Rh8
34. Kg2 Re8 35. Re1 Kg5 36. Kxg3 Rxe3 37. Rh1 Rb3 38. Rxh2 Rxb4 39. Rh4 Ra4 40.
f4+ Kf5 41. Rh5+ Ke4 42. Kg4 Kxd4 43. f5 Ke5+ 1/2-1/2

[Event "24. Acropolis 2009"]
[Site "Chalkida GRE"]
[Date "2009.08.18"]
[Round "9.39"]
[White "Okara, Andrey"]
[Black "Vospernik, Andrej"]
[Result "1-0"]
[WhiteElo "2389"]
[BlackElo "2170"]
[PlyCount "67"]
[EventDate "2009.08.10"]
[EventType "swiss"]
[EventRounds "9"]
[EventCountry "GRE"]
[Source "lmi"]
[SourceDate "2009.08.10"]

1. Nf3 d6 2. e4 e5 3. d4 Nc6 4. Bb5 exd4 5. Nxd4 Bd7 6. Nc3 Nxd4 7. Bxd7+ Qxd7
8. Qxd4 Ne7 9. O-O Nc6 10. Qe3 Nb4 11. Qe2 Be7 12. a3 Nc6 13. Nd5 O-O 14. b4
Nd4 15. Qd3 Ne6 16. Bb2 c6 17. Ne3 Nf4 18. Qd1 Qe6 19. Qf3 Bf6 20. Bxf6 Qxf6
21. Ng4 Qg5 22. h4 Qxh4 23. Qxf4 Rae8 24. g3 Qh3 25. Qf5 Kh8 26. Ne3 Qh6 27.
Kg2 Re5 28. Rh1 Qg6 29. Qxg6 fxg6 30. Rad1 Re6 31. Rd2 h6 32. Rhd1 Rxe4 33.
Rxd6 Kh7 34. Rd7 1-0

[Event "24. Acropolis 2009"]
[Site "Chalkida GRE"]
[Date "2009.08.18"]
[Round "9.40"]
[White "Pavlidis, Anastasios"]
[Black "Manelidou, Maria"]
[Result "1/2-1/2"]
[WhiteElo "2348"]
[BlackElo "2008"]
[PlyCount "60"]
[EventDate "2009.08.10"]
[EventType "swiss"]
[EventRounds "9"]
[EventCountry "GRE"]
[Source "lmi"]
[SourceDate "2009.08.10"]

1. e4 e5 2. Nf3 Nc6 3. Bb5 a6 4. Ba4 d6 5. c3 f5 6. exf5 Bxf5 7. O-O Bd3 8. Re1
Be7 9. Qb3 b5 10. Qd5 Qd7 11. Qxd3 bxa4 12. Qc2 Nf6 13. d3 O-O 14. Bg5 Nh5 15.
Nbd2 Bxg5 16. Nxg5 Qg4 17. Nh3 Nf4 18. Nxf4 Rxf4 19. Re4 d5 20. Rxf4 Qxf4 21.
g3 Qg4 22. f3 Qg6 23. Qxa4 Ne7 24. Qc2 Nf5 25. Nf1 Rf8 26. Kh1 d4 27. Re1 Qc6
28. Kg2 dxc3 29. Qxc3 Nh4+ 30. gxh4 Qxf3+ 1/2-1/2

[Event "24. Acropolis 2009"]
[Site "Chalkida GRE"]
[Date "2009.08.18"]
[Round "9.41"]
[White "Khurtsilava, Inga"]
[Black "Pavlidou, Ekaterini"]
[Result "1-0"]
[WhiteElo "2261"]
[BlackElo "2179"]
[PlyCount "69"]
[EventDate "2009.08.10"]
[EventType "swiss"]
[EventRounds "9"]
[EventCountry "GRE"]
[Source "lmi"]
[SourceDate "2009.08.10"]

1. d4 Nf6 2. Nf3 b6 3. e3 Bb7 4. Bd3 e6 5. Nbd2 d5 6. O-O Nbd7 7. b3 Be7 8. Bb2
O-O 9. Ne5 Ne4 10. f4 f6 11. Nxd7 Qxd7 12. Rf3 f5 13. Rh3 g6 14. Nf3 Bf6 15.
Ne5 Bxe5 16. dxe5 c5 17. g4 Rf7 18. Qe2 fxg4 19. Qxg4 d4 20. exd4 cxd4 21. Re1
Nc5 22. f5 exf5 23. Qxd4 Qc6 24. Bf1 Rd7 25. Qc4+ Kf8 26. Bc1 Rc8 27. Bh6+ Ke7
28. Qh4+ Ke8 29. e6 Qh1+ 30. Kf2 Ne4+ 31. Qxe4 fxe4 32. exd7+ Kd8 33. Bg5+ Kc7
34. dxc8=Q+ Bxc8 35. Bg2 1-0

[Event "24. Acropolis 2009"]
[Site "Chalkida GRE"]
[Date "2009.08.18"]
[Round "9.42"]
[White "Rigopoulos-Tsigkos, Alexandros"]
[Black "Stavrianakis, Ioannis"]
[Result "0-1"]
[WhiteElo "2017"]
[BlackElo "2240"]
[PlyCount "81"]
[EventDate "2009.08.10"]
[EventType "swiss"]
[EventRounds "9"]
[EventCountry "GRE"]
[Source "lmi"]
[SourceDate "2009.08.10"]

1. e4 c5 2. c3 d5 3. exd5 Qxd5 4. d4 e6 5. Nf3 Nf6 6. Na3 Be7 7. Be3 cxd4 8.
Nb5 O-O 9. Qxd4 Nc6 10. Qxd5 Nxd5 11. Bd2 Bd7 12. Bc4 Nb6 13. Bb3 Na5 14. Nbd4
Nbc4 15. O-O-O e5 16. Bxc4 Nxc4 17. Nc2 Be6 18. Kb1 f6 19. Ne3 Rfd8 20. Bc1 Kf7
21. Rxd8 Rxd8 22. Kc2 Nd6 23. Rd1 Ne4 24. Rxd8 Bxd8 25. Nd1 g5 26. Nd2 Nc5 27.
Ne3 Be7 28. b3 Nd7 29. Bb2 f5 30. c4 Bc5 31. Kd3 f4 32. Nd5 Bxf2 33. Ke2 Bxd5
34. cxd5 Bc5 35. Ne4 Be7 36. Kd3 g4 37. d6 Bd8 38. b4 Ke6 39. Nc5+ Nxc5+ 40.
bxc5 Kd5 41. a4 0-1

[Event "24. Acropolis 2009"]
[Site "Chalkida GRE"]
[Date "2009.08.18"]
[Round "9.43"]
[White "Yildiz, Betul Cemre"]
[Black "Papadopoulou, Vera"]
[Result "1/2-1/2"]
[WhiteElo "2217"]
[BlackElo "2160"]
[PlyCount "33"]
[EventDate "2009.08.10"]
[EventType "swiss"]
[EventRounds "9"]
[EventCountry "GRE"]
[Source "lmi"]
[SourceDate "2009.08.10"]

1. e4 c5 2. Nf3 d6 3. d4 cxd4 4. Nxd4 Nf6 5. f3 Nc6 6. c4 Nxd4 7. Qxd4 g6 8.
Nc3 Bg7 9. Be3 O-O 10. Qd2 a5 11. b3 Bd7 12. Bd3 Bc6 13. O-O Nd7 14. Rac1 Nc5
15. Rfd1 Qb6 16. Qf2 Rfc8 17. Ne2 1/2-1/2

[Event "24. Acropolis 2009"]
[Site "Chalkida GRE"]
[Date "2009.08.18"]
[Round "9.44"]
[White "Makka, Ioulia"]
[Black "Bozinakis, Pavlos"]
[Result "1/2-1/2"]
[WhiteElo "2212"]
[BlackElo "2148"]
[PlyCount "51"]
[EventDate "2009.08.10"]
[EventType "swiss"]
[EventRounds "9"]
[EventCountry "GRE"]
[Source "lmi"]
[SourceDate "2009.08.10"]

1. e4 Nc6 2. Nf3 e5 3. Bb5 a6 4. Ba4 Nf6 5. d3 d6 6. c3 g6 7. Nbd2 Bg7 8. Nf1
O-O 9. Bg5 h6 10. Bh4 b5 11. Bb3 Na5 12. Bc2 c5 13. Ne3 Bb7 14. O-O Qc7 15. b4
cxb4 16. cxb4 Nc6 17. Qd2 Nd4 18. Nxd4 exd4 19. Nd1 Nxe4 20. dxe4 d3 21. Rc1
dxc2 22. Rxc2 Qb6 23. Nc3 Rfc8 24. Nd5 Bxd5 25. exd5 Rc4 26. Bg3 1/2-1/2

[Event "24. Acropolis 2009"]
[Site "Chalkida GRE"]
[Date "2009.08.18"]
[Round "9.45"]
[White "Sanchez Castillo, Sarai"]
[Black "Foisor, Mihaela Veronica"]
[Result "1-0"]
[WhiteElo "2202"]
[BlackElo "2123"]
[PlyCount "109"]
[EventDate "2009.08.10"]
[EventType "swiss"]
[EventRounds "9"]
[EventCountry "GRE"]
[Source "lmi"]
[SourceDate "2009.08.10"]

1. e4 e6 2. d4 d5 3. Nc3 Nf6 4. Bg5 Bb4 5. e5 h6 6. exf6 hxg5 7. fxg7 Rg8 8.
Qd3 Rxg7 9. O-O-O c5 10. dxc5 Bxc5 11. Qb5+ Nd7 12. Nf3 Qb6 13. Qe2 Be7 14. h4
g4 15. Ne5 Nf6 16. h5 Bd7 17. h6 Rh7 18. Nxd7 Kxd7 19. f3 Rc8 20. Qe5 Qd6 21.
Bb5+ Kd8 22. Qe3 Qc5 23. Qf4 Qb4 24. Rd4 Qd6 25. Qxd6+ Bxd6 26. fxg4 Be5 27.
Ra4 d4 28. Ne2 Nxg4 29. Rxa7 f5 30. Rd1 Ne3 31. Nxd4 Nxd1 32. Nxe6+ Ke7 33.
Rxb7+ Kxe6 34. Rxh7 Rd8 35. Bd7+ Kf6 36. Kxd1 Kg6 37. Re7 Bf6 38. Re6 Rxd7+ 39.
Ke2 Kf7 40. Rb6 Bg5 41. h7 Rd8 42. Rb7+ Kg6 43. a4 Bf6 44. a5 Bg7 45. a6 Kxh7
46. a7 Ra8 47. b4 Kg6 48. Kd3 Be5 49. b5 Kf6 50. b6 Ke6 51. Kc4 Bd6 52. Kb5 Rc8
53. Rh7 Ra8 54. Rh6+ Kd7 55. Rxd6+ 1-0

[Event "24. Acropolis 2009"]
[Site "Chalkida GRE"]
[Date "2009.08.18"]
[Round "9.46"]
[White "Galopoulos, Panagiotis"]
[Black "Efthimiadis, Ilias"]
[Result "1-0"]
[WhiteElo "2161"]
[BlackElo "1988"]
[PlyCount "137"]
[EventDate "2009.08.10"]
[EventType "swiss"]
[EventRounds "9"]
[EventCountry "GRE"]
[Source "lmi"]
[SourceDate "2009.08.10"]

1. e4 c5 2. Nf3 d6 3. c3 Nf6 4. Be2 g6 5. O-O Bg7 6. d3 O-O 7. Bg5 Nc6 8. Nbd2
a6 9. Re1 h6 10. Be3 Ng4 11. Bf4 Bd7 12. Bg3 b5 13. h3 Nf6 14. e5 dxe5 15. Nxe5
Nxe5 16. Bxe5 Qb6 17. d4 Bc6 18. Bf3 Rfd8 19. dxc5 Qxc5 20. Bd4 Qd6 21. Bxc6
Qxc6 22. Rxe7 Nd5 23. Re4 f5 24. Re1 Bxd4 25. cxd4 Nf4 26. Nf3 Re8 27. Re3 g5
28. Qb3+ Kf8 29. Rae1 Rxe3 30. Qxe3 Re8 31. Qa3+ Kf7 32. Rxe8 Kxe8 33. Qe3+ Qe4
34. Qxe4+ fxe4 35. Nd2 Ne2+ 36. Kf1 Nxd4 37. Nxe4 Ke7 38. Ke1 a5 39. Kd2 Ke6
40. Kd3 Nc6 41. Nc3 b4 42. Nd1 Kd5 43. Ne3+ Kc5 44. Ng4 a4 45. Nxh6 Ne5+ 46.
Kc2 Kd4 47. Nf5+ Ke4 48. Ng3+ Kd4 49. Ne2+ Ke4 50. a3 bxa3 51. bxa3 Nc4 52.
Nc3+ Kd4 53. Nxa4 Nxa3+ 54. Kd2 Nc4+ 55. Ke2 Ke4 56. Nc5+ Kf5 57. Nd3 Nd6 58.
Kf3 Nf7 59. Nb4 Ne5+ 60. Kg3 Ng6 61. Nd5 Ne5 62. f4 gxf4+ 63. Nxf4 Kg5 64. Ne2
Ng6 65. Nd4 Ne7 66. h4+ Kh5 67. Kh3 Ng8 68. g4+ Kg6 69. g5 1-0

[Event "24. Acropolis 2009"]
[Site "Chalkida GRE"]
[Date "2009.08.18"]
[Round "9.47"]
[White "Iordanidou, Zoi"]
[Black "Mamedjarova, Turkan"]
[Result "0-1"]
[WhiteElo "2114"]
[BlackElo "2260"]
[PlyCount "160"]
[EventDate "2009.08.10"]
[EventType "swiss"]
[EventRounds "9"]
[EventCountry "GRE"]
[Source "lmi"]
[SourceDate "2009.08.10"]

1. e4 e5 2. Nf3 Nf6 3. Nxe5 d6 4. Nf3 Nxe4 5. Nc3 Nxc3 6. dxc3 Be7 7. Bf4 O-O
8. Qd2 Nd7 9. O-O-O Ne5 10. Nd4 Nc6 11. Be3 Nxd4 12. cxd4 c6 13. Kb1 Be6 14. h4
a5 15. Bg5 a4 16. Bd3 Re8 17. Rde1 Qa5 18. Qxa5 Rxa5 19. Bxe7 Rxe7 20. g4 Kf8
21. g5 Bf5 22. Rxe7 Kxe7 23. Re1+ Kd7 24. Bc4 Bg6 25. f4 b5 26. Bf1 b4 27. Bh3+
Bf5 28. Bxf5+ Rxf5 29. Rf1 Ke6 30. c3 bxc3 31. bxc3 Kd5 32. Kb2 Kc4 33. Rf3 Kb5
34. Ka3 f6 35. Rf1 fxg5 36. hxg5 g6 37. Rf3 Rf7 38. Rf1 Kc4 39. Rf3 c5 40. dxc5
dxc5 41. Rg3 Rxf4 42. Kxa4 Rf2 43. Rg4+ Kxc3 44. Kb5 Rxa2 45. Kxc5 Kd3 46. Kd6
Ke3 47. Ke6 Kf3 48. Rh4 Kg3 49. Rxh7 Kf4 50. Rh1 Kxg5 51. Rg1+ Kh6 52. Kf7 Rf2+
53. Ke6 g5 54. Ke5 Rf4 55. Rh1+ Kg6 56. Rh8 Ra4 57. Rg8+ Kh5 58. Kf5 Rf4+ 59.
Ke5 Rf1 60. Ke4 Kh4 61. Ke3 g4 62. Ke2 Rf7 63. Ke1 Kh3 64. Rh8+ Kg2 65. Rg8
Re7+ 66. Kd2 g3 67. Rh8 Ra7 68. Ke2 Ra2+ 69. Ke1 Ra1+ 70. Ke2 Rh1 71. Rf8 Rh7
72. Rg8 Kh2 73. Kf3 Rh3 74. Rg6 Rh7 75. Rg8 Rf7+ 76. Ke2 g2 77. Rh8+ Kg1 78.
Rg8 Rh7 79. Rg6 Kh1 80. Kf2 Rf7+ 0-1